[Event "2BLN 2122 SK Kirchweyhe - Hamburger SK"]
[Site "?"]
[Date "2022.03.05"]
[Round "1.1"]
[White "Zwirs, Nico"]
[Black "Stevic, Hrvoje"]
[Result "1/2-1/2"]
[WhiteElo "2467"]
[BlackElo "2587"]
[PlyCount "42"]
[EventDate "2022.??.??"]

1. d4 d5 2. c4 dxc4 3. e4 b5 4. a4 c6 5. axb5 cxb5 6. Nc3 Qb6 7. b3 e6 8. bxc4
Bb4 9. Bd2 bxc4 10. Bxc4 Ne7 11. Nge2 O-O 12. Na4 Qa5 13. O-O Bxd2 14. Nc5 Qb4
15. Ra4 Qb6 16. Qxd2 Nd7 17. Rc1 Nxc5 18. dxc5 Qxc5 19. Bxe6 Qb6 20. Ba2 Be6
21. Bxe6 Qxe6 {(=)} 1/2-1/2

[Event "2BLN 2122 SK Kirchweyhe - Hamburger SK"]
[Site "?"]
[Date "2022.03.05"]
[Round "1.2"]
[White "Brkic, Ante"]
[Black "Kramer, Julian"]
[Result "1-0"]
[WhiteElo "2607"]
[BlackElo "2423"]
[PlyCount "53"]
[EventDate "2022.??.??"]

1. e4 c5 2. Nf3 d6 3. d4 cxd4 4. Nxd4 Nf6 5. Nc3 Nc6 6. Bg5 e6 7. Bb5 Bd7 8.
Qd3 Be7 9. O-O-O Nxd4 10. Bxd7+ Nxd7 11. Bxe7 Kxe7 12. Qxd4 Qb6 13. Qd2 Rhc8
14. f4 Rc6 15. Rhe1 Kf8 16. Re3 Nc5 17. Rg3 Rac8 18. Qd4 f6 19. Kb1 e5 20. Qd5
exf4 21. Rh3 Nd7 22. Rxh7 Ne5 23. Qe6 Nf7 24. Nd5 Qf2 25. Qe7+ Kg8 26. Nxf6+
gxf6 27. Qxf7# 1-0

[Event "2BLN 2122 SK Kirchweyhe - Hamburger SK"]
[Site "?"]
[Date "2022.03.05"]
[Round "1.3"]
[White "Souleidis, Georgios"]
[Black "Jovanovic, Zoran"]
[Result "1-0"]
[WhiteElo "2424"]
[BlackElo "2529"]
[PlyCount "59"]
[EventDate "2022.??.??"]

1. e4 d6 2. d4 Nf6 3. Nc3 e5 4. Nf3 Nbd7 5. g4 Nxg4 6. Rg1 Ngf6 7. Be3 c6 8.
Qd2 Qe7 9. O-O-O g6 10. Be2 Bg7 11. dxe5 dxe5 12. Nh4 b6 13. f4 Bh6 14. Nf3 Bb7
15. fxe5 Bxe3 16. Qxe3 Nxe5 17. Nxe5 Qxe5 18. Rg5 Qe7 19. Qf4 Bc8 20. e5 Nd7
21. Ne4 Kf8 22. Nf6 h6 23. Nxd7+ Bxd7 24. Rxg6 Be6 25. Rxh6 Rg8 26. Rf6 Ke8 27.
Bf3 Rd8 28. Bxc6+ Kf8 29. Qh6+ Rg7 30. Rg1 1-0

[Event "2BLN 2122 SK Kirchweyhe - Hamburger SK"]
[Site "?"]
[Date "2022.03.05"]
[Round "1.4"]
[White "Palac, Mladen"]
[Black "Bracker, Frank"]
[Result "0-1"]
[WhiteElo "2511"]
[BlackElo "2364"]
[PlyCount "96"]
[EventDate "2022.??.??"]

1. d4 Nf6 2. c4 e6 3. Nf3 d5 4. Nc3 Nbd7 5. Bg5 Be7 6. e3 O-O 7. Rc1 c6 8. Bd3
h6 9. Bh4 dxc4 10. Bxc4 b5 11. Bd3 Bb7 12. O-O b4 13. Bxf6 Bxf6 14. Ne4 Be7 15.
Bb1 Rc8 16. Qc2 g6 17. Nc5 Nxc5 18. dxc5 Qc7 19. Qd2 a5 20. e4 Kg7 21. e5 Rcd8
22. Qe3 Ba6 23. Rfe1 Rd7 24. h4 Rfd8 25. Be4 Bd3 26. Qf4 Bxe4 27. Rxe4 Rd1+ 28.
Rxd1 Rxd1+ 29. Kh2 Bxc5 30. h5 Qe7 31. Rc4 Rd5 32. hxg6 fxg6 33. Nd2 Qg5 34.
Qf6+ Qxf6 35. exf6+ Kf7 36. Ne4 Rd4 37. Rxc5 Rxe4 38. Rxa5 Re2 39. f3 Rxb2 40.
Rc5 Rxa2 41. Rxc6 b3 42. Rb6 b2 43. Rb5 Kxf6 44. Kg3 e5 45. Rb6+ Ke7 46. Kh2
Kd7 47. Kh3 Kc7 48. Rb3 e4 0-1

[Event "2BLN 2122 SK Kirchweyhe - Hamburger SK"]
[Site "?"]
[Date "2022.03.05"]
[Round "1.5"]
[White "Voigt, Roland"]
[Black "Zelcic, Robert"]
[Result "0-1"]
[WhiteElo "2446"]
[BlackElo "2513"]
[PlyCount "98"]
[EventDate "2022.??.??"]

1. c4 Nf6 2. Nf3 e6 3. e3 d5 4. Be2 Be7 5. O-O O-O 6. b3 c5 7. Bb2 Nc6 8. cxd5
Nxd5 9. a3 Bf6 10. Qc2 Bxb2 11. Qxb2 b6 12. Nc3 Bb7 13. Nxd5 Qxd5 14. b4 Rfd8
15. bxc5 Qxc5 16. d4 Qd5 17. Rfc1 Na5 18. Rc3 Rac8 19. Rac1 h6 20. h4 Rxc3 21.
Qxc3 Nc6 22. Ne1 Rc8 23. Bf3 Qd8 24. Qb2 Qxh4 25. Qb5 Qg5 26. d5 exd5 27. Bxd5
Qf6 28. Nd3 g6 29. Rc4 g5 30. Qa4 Qd6 31. e4 Rc7 32. Qc2 Qxa3 33. Qd1 Ba6 34.
Qh5 Bxc4 35. Qg6+ Kf8 36. Qxh6+ Ke7 37. Qxg5+ Ke8 38. Bxc4 Qe7 39. Qg8+ Qf8 40.
Qg3 Kd8 41. Bd5 Kc8 42. Qg5 f6 43. Qf4 Qd8 44. g4 a5 45. Kg2 Ne7 46. Be6+ Kb8
47. Qg3 Ka7 48. Nb2 Rc6 49. Qb3 Qd4 0-1

[Event "2BLN 2122 SK Kirchweyhe - Hamburger SK"]
[Site "?"]
[Date "2022.03.05"]
[Round "1.6"]
[White "Saric, Sinisa"]
[Black "Papp, Sarah"]
[Result "0-1"]
[WhiteElo "2411"]
[BlackElo "2300"]
[PlyCount "96"]
[EventDate "2022.??.??"]

1. d4 Nf6 2. c4 e6 3. Nc3 Bb4 4. Qc2 d5 5. cxd5 exd5 6. Bf4 Ne4 7. a3 Bxc3+ 8.
bxc3 Bf5 9. Qb3 b6 10. f3 Nf6 11. g4 Be6 12. e3 O-O 13. Ne2 c5 14. Ng3 Nc6 15.
Rd1 cxd4 16. cxd4 Na5 17. Qb4 Re8 18. Bd3 Rc8 19. Ba6 Rc2 20. Bd3 Rc8 21. Qb1
Nc4 22. g5 Nd7 23. Bxh7+ Kh8 24. Bd3 Nxa3 25. Qa2 Qe7 26. O-O b5 27. Nf5 Bxf5
28. Bxf5 Rc3 29. Qxd5 Nb6 30. Qa2 Nbc4 31. Qf2 g6 32. Bd3 a5 33. e4 Kg8 34. d5
b4 35. h4 b3 36. Qd4 Nb5 37. Qf2 a4 38. e5 a3 39. e6 a2 40. Bxc4 Rxc4 41. d6
Qxe6 42. Rfe1 Qd7 43. Rxe8+ Qxe8 44. Be5 Qxe5 45. d7 Rd4 46. Re1 Rxd7 47. Rxe5
a1=Q+ 48. Re1 Rd1 0-1

[Event "2BLN 2122 SK Kirchweyhe - Hamburger SK"]
[Site "?"]
[Date "2022.03.05"]
[Round "1.7"]
[White "Woelk, Tom-Frederic"]
[Black "Zaja, Ivan"]
[Result "1/2-1/2"]
[WhiteElo "2348"]
[BlackElo "2448"]
[PlyCount "88"]
[EventDate "2022.??.??"]

1. d4 e6 2. c4 Nf6 3. Nc3 Bb4 4. f3 d5 5. a3 Bxc3+ 6. bxc3 c5 7. cxd5 Nxd5 8.
dxc5 Qa5 9. e4 Ne7 10. Be3 O-O 11. Qb3 Qc7 12. Bb5 Nec6 13. Ne2 Na5 14. Qb4 e5
15. O-O Be6 16. Nd4 exd4 17. cxd4 Nbc6 18. Qc3 Ne7 19. Rfd1 Rfd8 20. Bg5 Nac6
21. Bh4 a6 22. Ba4 Rd7 23. Bxe7 Nxe7 24. Bxd7 Bxd7 25. d5 Ng6 26. Rd2 Re8 27.
Rc1 h5 28. c6 bxc6 29. dxc6 Bc8 30. Rd5 Nf4 31. Rd2 h4 32. Qd4 Kh7 33. Kh1 Qa5
34. e5 Ng6 35. Qc3 Qc7 36. h3 Rxe5 37. Qd4 Re6 38. Qd8 Qg3 39. c7 Nf4 40. Qxc8
Re1+ 41. Rxe1 Qxe1+ 42. Kh2 Qg3+ 43. Kh1 Qe1+ 44. Kh2 Qg3+ 1/2-1/2

[Event "2BLN 2122 SK Kirchweyhe - Hamburger SK"]
[Site "?"]
[Date "2022.03.05"]
[Round "1.8"]
[White "Ascic, Pero"]
[Black "Hommer, Jeremy"]
[Result "1/2-1/2"]
[WhiteElo "2252"]
[BlackElo "2221"]
[PlyCount "41"]
[EventDate "2022.??.??"]

1. d4 e6 2. Nf3 Nf6 3. g3 Be7 4. Bg2 O-O 5. O-O d5 6. c4 dxc4 7. Ne5 Nc6 8.
Nxc6 bxc6 9. Bxc6 Rb8 10. Bf3 Ba6 11. Nc3 Qc8 12. Qc2 Rd8 13. Rd1 c5 14. Be3 h6
15. Rd2 Bb7 16. Rad1 Bxf3 17. exf3 cxd4 18. Bxd4 Rb7 19. Be3 Rxd2 20. Rxd2 Qc6
21. Qd1 {(=)} 1/2-1/2

[Event "2BLN 2122 SV Werder Bremen II - SK Zehl"]
[Site "?"]
[Date "2022.03.06"]
[Round "2.1"]
[White "Sawlin, Leonid"]
[Black "Carlstedt, Jonathan"]
[Result "1/2-1/2"]
[WhiteElo "2409"]
[BlackElo "2445"]
[PlyCount "89"]
[EventDate "2022.??.??"]

1. e4 c5 2. Nf3 g6 3. d4 cxd4 4. Nxd4 Bg7 5. c4 Nc6 6. Be3 Nf6 7. Nc3 O-O 8.
Be2 d6 9. Qd2 Nxd4 10. Bxd4 Bd7 11. O-O Bc6 12. f3 Nd7 13. Be3 a5 14. b3 Nc5
15. Rab1 e6 16. Rfd1 Be5 17. Qe1 Qf6 18. Nb5 Bxb5 19. cxb5 Rfd8 20. b6 Bf4 21.
Bf2 g5 22. Bb5 Rac8 23. a3 Be5 24. Qe2 Nd7 25. b4 axb4 26. Rxb4 Nf8 27. Rb3 Ng6
28. g3 d5 29. a4 dxe4 30. Bd7 Rc3 31. Rxc3 Bxc3 32. Qxe4 Ne5 33. Qxb7 Nxf3+ 34.
Kg2 Nd4 35. Bb5 Nxb5 36. Rxd8+ Qxd8 37. axb5 Bd4 38. Bxd4 Qxd4 39. Qc8+ Kg7 40.
b7 g4 41. b8=Q Qd2+ 42. Kf1 Qd1+ 43. Kf2 Qd2+ 44. Kf1 Qd1+ 45. Kf2 1/2-1/2

[Event "2BLN 2122 SV Werder Bremen II - SK Zehl"]
[Site "?"]
[Date "2022.03.06"]
[Round "2.2"]
[White "Meins, Gerlef"]
[Black "Lagunow, Raphael"]
[Result "1/2-1/2"]
[WhiteElo "2419"]
[BlackElo "2385"]
[PlyCount "82"]
[EventDate "2022.??.??"]

1. Nf3 d5 2. g3 Nd7 3. d4 b5 4. Nc3 c6 5. a3 f5 6. Bg2 e6 7. Bf4 Ngf6 8. O-O
Be7 9. Na2 O-O 10. Nb4 Qb6 11. Nd3 c5 12. dxc5 Nxc5 13. Be3 Qc7 14. Bxc5 Bxc5
15. Nxc5 Qxc5 16. c3 Bd7 17. Qd4 Rfc8 18. Qxc5 Rxc5 19. Ne5 Be8 20. Rfd1 Rb8
21. e3 a5 22. Rd4 Nd7 23. Nxd7 Bxd7 24. Bf1 Kf7 25. f4 Kf6 26. Bd3 Be8 27. Kf2
Rc7 28. Ke2 Ke7 29. Kd2 h5 30. h3 Bd7 31. Rg1 Rh8 32. Be2 Kf6 33. h4 g6 34. Ra1
Rb8 35. Bd1 Ke7 36. Bc2 Rcb7 37. Bd3 Be8 38. Bc2 Kd6 39. Bd3 Rb6 40. Bc2 Kc7
41. Bd3 Bd7 1/2-1/2

[Event "2BLN 2122 SV Werder Bremen II - SK Zehl"]
[Site "?"]
[Date "2022.03.06"]
[Round "2.3"]
[White "Baskin, Robert"]
[Black "Colbow, Collin"]
[Result "1-0"]
[WhiteElo "2383"]
[BlackElo "2357"]
[PlyCount "59"]
[EventDate "2022.??.??"]

1. e4 c5 2. Nf3 d6 3. d4 cxd4 4. Nxd4 Nf6 5. Nc3 Nc6 6. Bg5 e6 7. Qd2 a6 8.
O-O-O Bd7 9. f3 Be7 10. h4 h5 11. Kb1 Rc8 12. Nxc6 Bxc6 13. Ne2 b5 14. Nd4 Bb7
15. Be3 O-O 16. Rh3 Nh7 17. Bd3 Re8 18. Rg1 Bf8 19. g4 hxg4 20. Rxg4 Kh8 21.
Rhg3 Nf6 22. Rg5 Nh7 23. Rh5 e5 24. Nf5 Qf6 25. Rhg5 Rc7 26. Qg2 g6 27. R5g4
Bc8 28. h5 Bxf5 29. exf5 g5 30. Rxg5 1-0

[Event "2BLN 2122 SV Werder Bremen II - SK Zehl"]
[Site "?"]
[Date "2022.03.06"]
[Round "2.4"]
[White "Joachim, Sven"]
[Black "Tazbir, Marcin"]
[Result "1/2-1/2"]
[WhiteElo "2390"]
[BlackElo "2509"]
[PlyCount "52"]
[EventDate "2022.??.??"]

1. e4 c5 2. Nf3 d6 3. d4 cxd4 4. Nxd4 Nf6 5. Nc3 a6 6. Be2 e5 7. Nb3 Be7 8. O-O
O-O 9. Re1 Nbd7 10. a4 b6 11. Bf1 Bb7 12. Nd2 Qc7 13. Nc4 Rfd8 14. Ne3 Bf8 15.
f3 Bc6 16. Bc4 Qb7 17. Qe2 Nc5 18. Ned5 Nxd5 19. Bxd5 Ne6 20. Be3 Nc7 21. Bxc6
Qxc6 22. a5 bxa5 23. Rxa5 Rab8 24. Rb1 Rdc8 25. Qd3 h5 26. Kf1 g6 1/2-1/2

[Event "2BLN 2122 SV Werder Bremen II - SK Zehl"]
[Site "?"]
[Date "2022.03.06"]
[Round "2.5"]
[White "Stachowiak, Kamil"]
[Black "Breutigam, Martin"]
[Result "1/2-1/2"]
[WhiteElo "2473"]
[BlackElo "2379"]
[PlyCount "81"]
[EventDate "2022.??.??"]

1. d4 d5 2. Nf3 c5 3. e3 e6 4. b3 Nf6 5. Bb2 Nc6 6. Bd3 Bd6 7. a3 b6 8. O-O Bb7
9. Nbd2 O-O 10. Ne5 Qc7 11. f4 cxd4 12. exd4 Ne7 13. Qe2 Rac8 14. Rf2 b5 15. c3
a6 16. Rf3 Ng6 17. Raf1 Qe7 18. b4 Rc7 19. Rh3 Rfc8 20. g4 Nf8 21. g5 Ne4 22.
Nxe4 dxe4 23. Bxe4 Bxe4 24. Qxe4 Bxe5 25. Qxe5 Rd7 26. f5 Rd5 27. Qe3 Qd7 28.
fxe6 Nxe6 29. Rg3 Re8 30. Qd2 g6 31. Bc1 Ng7 32. Qd3 Rf5 33. Rgf3 Qd5 34. Rxf5
Nxf5 35. Qf3 Re4 36. Bf4 Qe6 37. Be5 Qd5 38. Kf2 Nh4 39. Qh3 Qa2+ 40. Kg1 Nf5
41. Qf3 1/2-1/2

[Event "2BLN 2122 SV Werder Bremen II - SK Zehl"]
[Site "?"]
[Date "2022.03.06"]
[Round "2.6"]
[White "Richter, Christian"]
[Black "Brodowski, Piotr"]
[Result "0-1"]
[WhiteElo "2351"]
[BlackElo "2443"]
[PlyCount "70"]
[EventDate "2022.??.??"]

1. d4 d6 2. g3 g6 3. Bg2 Bg7 4. Nf3 Nd7 5. d5 c6 6. dxc6 bxc6 7. O-O Qc7 8.
Nbd2 Ngf6 9. c4 O-O 10. Rb1 a5 11. b3 Nc5 12. Bb2 e5 13. Ba3 Bf5 14. Rc1 Nfd7
15. Ne1 Rad8 16. Nb1 Bh6 17. Rc3 Rfe8 18. Nc2 Nf8 19. Ne3 Bc8 20. Bc1 Bg7 21.
Ba3 Nfe6 22. Nd2 f5 23. Rc1 e4 24. Nb1 f4 25. Nc2 Qf7 26. Nd2 Ng5 27. h4 Nh3+
28. Kh1 fxg3 29. fxg3 Nf2+ 30. Kg1 e3 31. Bxc6 Nxd1 32. Rxf7 Kxf7 33. Bxe8+
Kxe8 34. Rxd1 exd2 35. Rxd2 Bb7 0-1

[Event "2BLN 2122 SV Werder Bremen II - SK Zehl"]
[Site "?"]
[Date "2022.03.06"]
[Round "2.7"]
[White "Luch, Michal"]
[Black "Bach, Matthias"]
[Result "1-0"]
[WhiteElo "2368"]
[BlackElo "2223"]
[PlyCount "97"]
[EventDate "2022.??.??"]

1. d4 Nf6 2. c4 c5 3. d5 e6 4. Nc3 exd5 5. cxd5 d6 6. e4 g6 7. f4 Bg7 8. Bb5+
Nfd7 9. a4 Qh4+ 10. g3 Qe7 11. Nf3 O-O 12. O-O a6 13. Bd3 Nf6 14. Kg2 c4 15.
Bc2 Bg4 16. h3 Bxf3+ 17. Qxf3 Nbd7 18. a5 Rfe8 19. Re1 Nc5 20. Be3 Nfd7 21. Bf2
Rab8 22. Na4 Rec8 23. Bxc5 Nxc5 24. Nb6 Bxb2 25. Rab1 Bg7 26. Nxc8 Rxc8 27. Rb6
Bd4 28. Rb4 Qd8 29. Qa3 Bf6 30. Rxc4 Qc7 31. Rb1 Bd8 32. Bd1 Rb8 33. Bf3 Qxa5
34. Qxa5 Bxa5 35. e5 Bc7 36. Rxc5 dxc5 37. d6 Bd8 38. Rxb7 Rxb7 39. Bxb7 a5 40.
Bc6 c4 41. Kf3 a4 42. Bxa4 Ba5 43. Ke4 h5 44. g4 hxg4 45. hxg4 Bb6 46. Kd5 c3
47. f5 gxf5 48. gxf5 Kg7 49. e6 1-0

[Event "2BLN 2122 SV Werder Bremen II - SK Zehl"]
[Site "?"]
[Date "2022.03.06"]
[Round "2.8"]
[White "Kardoeus, David"]
[Black "Meister, Jakob"]
[Result "0-1"]
[WhiteElo "2156"]
[BlackElo "2422"]
[PlyCount "80"]
[EventDate "2022.??.??"]

1. e4 e5 2. Nf3 Nc6 3. Bb5 Bc5 4. O-O Nd4 5. Nxd4 Bxd4 6. c3 Bb6 7. Qh5 Qe7 8.
d3 c6 9. Ba4 Nf6 10. Qf3 d6 11. Bg5 h6 12. Bxf6 Qxf6 13. Qxf6 gxf6 14. Nd2 f5
15. Nc4 Bc7 16. Bd1 f4 17. a4 Be6 18. Re1 Ke7 19. Bf3 Rad8 20. a5 f6 21. b4 d5
22. Nb2 f5 23. exd5 cxd5 24. c4 dxc4 25. Rac1 b6 26. axb6 axb6 27. Nxc4 Kf6 28.
Be2 Rd4 29. Nd2 Bd6 30. Rc6 Bxb4 31. Rd1 Rd6 32. Rxd6 Bxd6 33. d4 exd4 34. Nf3
Bc5 35. Nxd4 Bf7 36. Nc6 Ra8 37. Nd8 Bb3 38. Rb1 Bc2 39. Rc1 Be4 40. Rd1 Ke7
0-1

[Event "2BLN 2122 FC St. Pauli - SG AE Magdebur"]
[Site "?"]
[Date "2022.03.06"]
[Round "2.1"]
[White "Gungl, Theo"]
[Black "Feuerstack, Aljoscha"]
[Result "1/2-1/2"]
[WhiteElo "2381"]
[BlackElo "2478"]
[PlyCount "86"]
[EventDate "2022.??.??"]

1. d4 Nf6 2. c4 e6 3. Nc3 d5 4. Nf3 c5 5. cxd5 Nxd5 6. e4 Nxc3 7. bxc3 cxd4 8.
cxd4 Bb4+ 9. Bd2 Bxd2+ 10. Qxd2 O-O 11. Bc4 Nd7 12. O-O b6 13. d5 Nc5 14. Rfd1
exd5 15. Bxd5 Bb7 16. Bxb7 Qxd2 17. Rxd2 Nxb7 18. Nd4 Rfc8 19. Nf5 Rc4 20. f3
Rd8 21. Rad1 Rxd2 22. Rxd2 g6 23. Ne3 Ra4 24. g4 h6 25. h4 Nc5 26. Kf2 Ra3 27.
Nc4 Rc3 28. Ne5 Kg7 29. g5 hxg5 30. hxg5 Ne6 31. Rd7 Nxg5 32. Rxa7 Kf6 33. Ng4+
Ke6 34. Ne3 Nh3+ 35. Ke2 Nf4+ 36. Kf2 f5 37. exf5+ gxf5 38. Rb7 Rc6 39. Rh7 Ke5
40. Rf7 Nd3+ 41. Ke2 Nf4+ 42. Kd2 Rd6+ 43. Kc2 Ke6 1/2-1/2

[Event "2BLN 2122 FC St. Pauli - SG AE Magdebur"]
[Site "?"]
[Date "2022.03.06"]
[Round "2.2"]
[White "Socko, Bartosz"]
[Black "Malek, Daniel"]
[Result "1/2-1/2"]
[WhiteElo "2642"]
[BlackElo "2348"]
[PlyCount "171"]
[EventDate "2022.??.??"]

1. d4 Nf6 2. c4 e6 3. g3 d5 4. Bg2 dxc4 5. Nf3 a6 6. O-O Nc6 7. Nbd2 b5 8. b3
cxb3 9. Nxb3 Rb8 10. Bb2 Bb7 11. Rc1 Be7 12. Nc5 Bxc5 13. Rxc5 Ne7 14. Qc2 Be4
15. Qc1 O-O 16. Ne5 Bxg2 17. Kxg2 Rb7 18. Qc2 Nd7 19. Nxd7 Qxd7 20. Rc1 Rc8 21.
e4 h6 22. Qc3 f6 23. h4 Kf7 24. Qf3 Rb6 25. Qc3 c6 26. Qf3 Rbb8 27. g4 Kg8 28.
Qg3 Rf8 29. f3 Rbd8 30. R5c2 Qe8 31. Kh2 Rd7 32. Bc3 Qb8 33. Bb4 Qxg3+ 34. Kxg3
Kf7 35. Bxe7 Kxe7 36. Rxc6 Ra8 37. Rd1 Rd6 38. Rc7+ Rd7 39. Rc5 Rad8 40. d5
exd5 41. exd5 Kd6 42. Rc6+ Ke7 43. Re6+ Kf8 44. Rxa6 Rxd5 45. Rb1 h5 46. Ra5
hxg4 47. Kxg4 Rc8 48. Rbxb5 Rc4+ 49. f4 Rdd4 50. Rb8+ Kf7 51. Rb7+ Kg6 52. h5+
Kh6 53. Rf5 Ra4 54. Rb2 Rdc4 55. Rf2 Kh7 56. Rb5 Ra3 57. Rb3 Rca4 58. Rbb2 Rc4
59. Rbd2 Rb4 60. Rh2 Raa4 61. Rdf2 Kh6 62. Rf3 Rb1 63. Rff2 Rg1+ 64. Rhg2 Rxg2+
65. Rxg2 g6 66. hxg6 Kxg6 67. Rb2 f5+ 68. Kg3 Ra3+ 69. Kh4 Ra6 70. Rg2+ Kh6 71.
Rb2 Kg6 72. Rc2 Kh6 73. a4 Rxa4 74. Rc6+ Kg7 75. Kg5 Ra5 76. Rc7+ Kf8 77. Kf6
Ra6+ 78. Kxf5 Ra5+ 79. Kf6 Ra6+ 80. Kg5 Ra5+ 81. f5 Ra6 82. f6 Ra1 83. Rc8+ Kf7
84. Rc7+ Kf8 85. Rc8+ Kf7 86. Rc7+ 1/2-1/2

[Event "2BLN 2122 FC St. Pauli - SG AE Magdebur"]
[Site "?"]
[Date "2022.03.06"]
[Round "2.3"]
[White "Biastoch, Bennet"]
[Black "Krause, Benedict"]
[Result "0-1"]
[WhiteElo "2246"]
[BlackElo "2426"]
[PlyCount "134"]
[EventDate "2022.??.??"]

1. e4 c5 2. Nf3 e6 3. d4 cxd4 4. Nxd4 Nc6 5. Nc3 Nf6 6. Ndb5 Bc5 7. Bf4 O-O 8.
Bc7 Qe7 9. Bd6 Bxd6 10. Qxd6 Qd8 11. Qc7 d5 12. exd5 exd5 13. O-O-O d4 14. Ne2
Qd5 15. Nexd4 Qxa2 16. Nb3 Qa4 17. N5d4 Nd5 18. Qd6 Rd8 19. Qc5 Ncb4 20. Bb5
Qa2 21. Kd2 a6 22. Ra1 Qxb2 23. Rhb1 Qxb1 24. Rxb1 b6 25. Qc4 axb5 26. Qe2 Bf5
27. Rc1 Bxc2 28. Qf3 Bg6 29. Ke2 Bd3+ 30. Kd1 Bc4 31. Nd2 Nd3 32. Nc6 Nxc1 33.
Nxc4 bxc4 34. Kxc1 Rd7 35. Ne5 Rad8 36. Nxd7 Rxd7 37. Qe4 Kf8 38. Qxh7 f6 39.
Qf5 Ke7 40. Qe4+ Kd6 41. Qe8 b5 42. Qf8+ Kc6 43. Qa8+ Kc5 44. Qf8+ Re7 45. Qc8+
Rc7 46. Qa8 b4 47. Qa5+ Kd4 48. Qa1+ Nc3 49. Qa5 Nd5 50. Qa1+ Kc5 51. Qa5+ Kd6
52. Qa6+ Rc6 53. Qb7 b3 54. Qxg7 Rb6 55. Qf8+ Ke5 56. Qc5 c3 57. f4+ Ke6 58.
Qc8+ Kd6 59. Qf8+ Kc6 60. Qc8+ Nc7 61. Qf5 b2+ 62. Kb1 Nd5 63. h4 Kc5 64. h5
Kd4 65. Qc2 Ne3 66. Qa4+ Kd3 67. Qd7+ Ke2 0-1

[Event "2BLN 2122 FC St. Pauli - SG AE Magdebur"]
[Site "?"]
[Date "2022.03.06"]
[Round "2.4"]
[White "Socko, Monika"]
[Black "Andre, Gordon"]
[Result "1-0"]
[WhiteElo "2393"]
[BlackElo "2365"]
[PlyCount "135"]
[EventDate "2022.??.??"]

1. d4 d5 2. c4 e6 3. Nf3 c6 4. Nbd2 Nf6 5. e3 c5 6. cxd5 Nxd5 7. e4 Nb6 8. dxc5
Bxc5 9. Be2 Nc6 10. O-O O-O 11. a3 a5 12. Nb3 Be7 13. Be3 Nd7 14. Rc1 a4 15.
Nbd4 Nxd4 16. Qxd4 Nf6 17. Rfd1 Qxd4 18. Rxd4 b6 19. e5 Nd5 20. Bg5 Bc5 21. Rg4
f5 22. exf6 Nxf6 23. Bxf6 Rxf6 24. Bd3 Bb7 25. Be4 Bd5 26. Rd1 Bxe4 27. Rxe4 b5
28. Rc1 Rc8 29. Kf1 Rff8 30. Re5 Ba7 31. Rxc8 Rxc8 32. Rxb5 Rc2 33. Rb7 Rxf2+
34. Ke1 Be3 35. Rb8+ Kf7 36. Ne5+ Ke7 37. Rb7+ Kf8 38. Ng4 Rxg2 39. Nxe3 Rxh2
40. Kf1 h5 41. Ng2 g5 42. Kg1 Rh3 43. Rb4 Ke7 44. Kf2 h4 45. Ne1 Rh2+ 46. Kg1
Rh3 47. Kg2 Rg3+ 48. Kf2 g4 49. Rxa4 Rb3 50. Rxg4 Rxb2+ 51. Kg1 Rb1 52. Re4 Kd6
53. Re3 Kd5 54. Kg2 Kc4 55. Nf3 Kb5 56. Nd4+ Kc4 57. Nc6 Kb5 58. Rc3 Rb2+ 59.
Kh3 Ka4 60. Nd4 e5 61. Ne6 Rb6 62. Nc5+ Kb5 63. Kxh4 Rc6 64. Ne4 Rxc3 65. Nxc3+
Kc4 66. Nb1 Kd3 67. Kg3 e4 68. Kf2 1-0

[Event "2BLN 2122 FC St. Pauli - SG AE Magdebur"]
[Site "?"]
[Date "2022.03.06"]
[Round "2.5"]
[White "Melamed, Tatjana"]
[Black "Sawatzki, Frank"]
[Result "1-0"]
[WhiteElo "2334"]
[BlackElo "2388"]
[PlyCount "59"]
[EventDate "2022.??.??"]

1. e4 c5 2. c3 Nf6 3. e5 Nd5 4. d4 cxd4 5. cxd4 d6 6. Nf3 Nc6 7. Bc4 Nb6 8. Bb5
dxe5 9. Nxe5 Bd7 10. Nxd7 Qxd7 11. Nc3 e6 12. O-O Be7 13. Qg4 O-O 14. Bxc6 bxc6
15. Bh6 Bf6 16. Rfd1 Rfd8 17. Ne4 Qe7 18. Rac1 Rac8 19. h4 Rd5 20. Rc3 Bxd4 21.
Rxd4 f5 22. Qd1 fxe4 23. Rg3 g6 24. Rg4 c5 25. Rd2 Rcd8 26. Qe2 Qd6 27. Qxe4
Rxd2 28. Rxg6+ Kf7 29. Rg7+ Ke8 30. Rg8+ 1-0

[Event "2BLN 2122 FC St. Pauli - SG AE Magdebur"]
[Site "?"]
[Date "2022.03.06"]
[Round "2.6"]
[White "Ertan, Can"]
[Black "Paul, Johannes"]
[Result "1-0"]
[WhiteElo "2382"]
[BlackElo "2294"]
[PlyCount "65"]
[EventDate "2022.??.??"]

1. e4 e6 2. d4 d5 3. Nc3 Nf6 4. Bg5 dxe4 5. Nxe4 Be7 6. Bxf6 gxf6 7. Nf3 f5 8.
Nc3 a6 9. a3 b5 10. Ne5 Bb7 11. Qh5 O-O 12. O-O-O Bg5+ 13. Kb1 Bf4 14. Rd3 Qe7
15. Rh3 h6 16. Ne2 Bd2 17. Rd3 Bg5 18. Rh3 f4 19. Ng4 Kg7 20. Nxh6 Be4 21. Nxf7
Rxf7 22. Nc3 Bf5 23. g4 Nc6 24. gxf5 Rg8 25. fxe6 Qxe6 26. Qxg5+ Kf8 27. Qc5+
Ne7 28. Qxc7 Qe1+ 29. Ka2 Qxf2 30. Qb8+ Kg7 31. Qe5+ Kf8 32. Bd3 Qg2 33. Qb8+
1-0

[Event "2BLN 2122 FC St. Pauli - SG AE Magdebur"]
[Site "?"]
[Date "2022.03.06"]
[Round "2.7"]
[White "Merkert, Maximilian"]
[Black "Krause, Jonah"]
[Result "1/2-1/2"]
[WhiteElo "2211"]
[BlackElo "2364"]
[PlyCount "44"]
[EventDate "2022.??.??"]

1. c4 g6 2. g3 c5 3. Bg2 Bg7 4. Nc3 Nc6 5. Nf3 e6 6. d3 Nge7 7. Bg5 h6 8. Bd2
d5 9. Rb1 b6 10. a3 Bb7 11. O-O Rc8 12. b4 cxb4 13. axb4 dxc4 14. dxc4 Nf5 15.
c5 bxc5 16. bxc5 Ba8 17. Qa4 O-O 18. Rfd1 Qe7 19. Ne4 Rcd8 20. e3 Rd5 21. Rdc1
Rfd8 22. Bc3 e5 1/2-1/2

[Event "2BLN 2122 FC St. Pauli - SG AE Magdebur"]
[Site "?"]
[Date "2022.03.06"]
[Round "2.8"]
[White "Mueller, Fabian"]
[Black "Schoene, Maria"]
[Result "1/2-1/2"]
[WhiteElo "2333"]
[BlackElo "2210"]
[PlyCount "74"]
[EventDate "2022.??.??"]

1. d4 Nf6 2. c4 g6 3. Nc3 Bg7 4. Nf3 d6 5. Bg5 h6 6. Bh4 g5 7. Bg3 Nh5 8. e3 e6
9. Bd3 Qe7 10. Nd2 Nxg3 11. hxg3 Nd7 12. Qc2 Nf6 13. O-O-O Bd7 14. Kb1 O-O-O
15. Qb3 Ng4 16. Rhf1 f5 17. Rc1 c5 18. Qa3 Kb8 19. Nb3 Rc8 20. Be2 h5 21. Bf3
Nh2 22. Rfd1 Nxf3 23. gxf3 cxd4 24. Nxd4 Rxc4 25. Ndb5 Bxb5 26. Nxb5 Rxc1+ 27.
Rxc1 a6 28. Rc7 Qf6 29. Rxg7 Qxg7 30. Qxd6+ Ka8 31. Nc7+ Ka7 32. Nxe6 Qf6 33.
Qc5+ Kb8 34. Qd6+ Ka7 35. Qc5+ Ka8 36. Qb6 Kb8 37. Qd6+ Ka7 1/2-1/2

[Event "2BLN 2122 SK Norderstedt - SK Kirchweyh"]
[Site "?"]
[Date "2022.03.06"]
[Round "2.1"]
[White "Stevic, Hrvoje"]
[Black "Trent, Lawrence"]
[Result "1-0"]
[WhiteElo "2587"]
[BlackElo "2401"]
[PlyCount "53"]
[EventDate "2022.??.??"]

1. e4 e5 2. Nf3 Nc6 3. Nc3 Nf6 4. d4 exd4 5. Nxd4 Bb4 6. Nxc6 bxc6 7. Bd3 d5 8.
exd5 O-O 9. O-O cxd5 10. h3 Rb8 11. Qf3 c6 12. Bf4 Bd6 13. b3 Rb4 14. Ne2 Bxf4
15. Nxf4 Qd6 16. c4 d4 17. Rfe1 Bd7 18. Nh5 Nxh5 19. Qxh5 f5 20. Re2 c5 21.
Rae1 Rf7 22. Re5 Qf8 23. Qf3 Rb6 24. Qd5 Rc6 25. Re7 Rc7 26. Bxf5 Bc6 27. Rxf7
1-0

[Event "2BLN 2122 SK Norderstedt - SK Kirchweyh"]
[Site "?"]
[Date "2022.03.06"]
[Round "2.2"]
[White "Ostrovskiy, Andrey"]
[Black "Brkic, Ante"]
[Result "0-1"]
[WhiteElo "2425"]
[BlackElo "2607"]
[PlyCount "94"]
[EventDate "2022.??.??"]

1. e4 e5 2. Nf3 Nc6 3. Bb5 a6 4. Ba4 Nf6 5. d3 d6 6. c3 g6 7. O-O Bg7 8. Re1
O-O 9. Bg5 h6 10. Bh4 g5 11. Bg3 Nh7 12. Bxc6 bxc6 13. d4 h5 14. h3 Qe7 15.
dxe5 dxe5 16. Nfd2 g4 17. h4 Rd8 18. Qa4 Rb8 19. Nc4 Nf8 20. Nba3 Ng6 21. Qa5
Re8 22. Rad1 Bf6 23. Nc2 Nxh4 24. N2e3 Rb5 25. Qa4 Ng6 26. b4 h4 27. Bh2 Bg7
28. Nf5 Qg5 29. Qc2 Bf8 30. Nce3 Nf4 31. Kh1 c5 32. a3 Nh5 33. Qe2 Nf6 34. f3
g3 35. Bg1 Nh5 36. Nd5 Nf4 37. Be3 Bxf5 38. exf5 Rbb8 39. Bxf4 exf4 40. Qxe8
Rxe8 41. Rxe8 c6 42. Ne7+ Kg7 43. Rdd8 Qf6 44. Rxf8 Qxc3 45. Rg8+ Kf6 46. Rd6+
Kxe7 47. Rd1 c4 0-1